Selected essays /

Bibliographic Details
Main Author: Spencer, Theodore, 1902-1949
Other Authors: Purves, Alan C. (Alan Carroll), 1931-1996
Format: Book
Language:English
Published: [New Brunswick, N.J.] : Rutgers University Press, [1966]
Subjects:

MARC

Tag First Indicator Second Indicator Subfields
LEADER 00000cam a22000001 4500
001 in00000029637
005 20151007062855.0
008 740520s1966 nju 00000 eng
010 |a  67013073  
035 |a (OCoLC)00355607 
035 |9 AAD5991AM 
040 |a DLC  |c DLC  |d TXA  |d UtOrBLW 
049 |a TXAM  |c [473357] 
050 0 0 |a PR99  |b .S59 
082 0 |a 820.9 
092 |a 820.9  |b S7462s 
100 1 |a Spencer, Theodore,  |d 1902-1949. 
245 1 0 |a Selected essays /  |c Edited by Alan C. Purves. 
264 1 |a [New Brunswick, N.J.] :  |b Rutgers University Press,  |c [1966] 
264 4 |c [©1966] 
300 |a xii, 368 pages ;  |c 25 cm. 
336 |a text  |b txt  |2 rdacontent 
337 |a unmediated  |b n  |2 rdamedia 
338 |a volume  |b nc  |2 rdacarrier 
650 0 |a English literature  |x History and criticism. 
700 1 |a Purves, Alan C.  |q (Alan Carroll),  |d 1931-1996. 
999 |a MARS 
999 f f |s 91d969d6-67c2-342e-9bb5-cd0519f47cfd  |i 350217b6-4b4e-3045-b7e3-eb5b222b57a7  |t 0 
952 f f |p ric  |a Texas A&M University  |b Rellis Campus  |c Joint Library Facility  |d Remote Storage  |t 0  |e PR99 .S59  |h Library of Congress classification  |i unmediated -- volume  |m A14801273598 
998 f f |a PR99 .S59  |t 0  |l Remote Storage